000 00555nam a22002177a 4500
003 UA-OsUOA
001 48138
007 ta
008 20070830b un ||||| |||| 00| 0 ukr d
090 _a929
_bЕ99
942 _cBK
040 _aUA-OsUOA
_bukr
_cUA-OsUOA
_dUA-OsUOA
245 _aЄвген Прохоович Кирилюк
300 _a93 с.
955 _a2
041 _aukr
080 _a929
260 _aК.
_bНаукова думка
_c1983
650 7 _a9 Географія. Біографії. Історія
_2UDC
999 _c334248
_d334248